000 00557nam a22001937a 4500
003 OSt
005 20210426083058.0
008 210211s1948 ||||| |||| 00| 0 eng d
040 _aeng
_beng
_cDLC
041 _aeng
080 _a821.111
_bT-95
100 _9831
_aTurnbull, Sligh. Agnes
245 _aThe Bishop's Mantle
_c/ by: The Macmillan Company
260 _aNew York
_b The Macmillan Company
_c1948
300 _a314 p.
650 0 _9254
_aEnglish literature
653 _aინგლისური ლიტერატურა
942 _2udc
_cBK
999 _c1343
_d1343